000 00410nac a22001451ca4500
001 a987680703
008 170707s1990 gw |||| 000u rus d
041 _arus
245 0 0 _aVtoroj s'ezd narodnych deputatov SSSR :
_b12-24 dekabrja 1989 g. ; Stenografičeskij otčet
264 _aMoskva :
_bIzd. Verchovnogo Soveta SSSR,
_c1990
942 _cMG
040 _cRU-10907106
003 RU-10907106
999 _c45515
_d45515